Biblioteca

Estudio de la historia / Arnold J. Toynbee ; Compendio de D. C. Somervell ; Luis Grasset, Traductor (Registro nro. 40817)

Detalles MARC
000 -LÍDER
Campo fijo de descripción fija 004400000a22001450004500
041 0# - CÓDIGO DE IDIOMA
Código de idioma para texto/pista de sonido o título separado
082 04 - NÚMERO DE CLASIFICACIÓN DECIMAL DEWEY
Número de clasificación G 901 T7564f
001 - NÚMERO DE CONTROL
Campo de control 11569
100 1# - ASIENTO PRINCIPAL--NOMBRE PERSONAL
Nombre personal Toynbee, Arnold J. (Joseph) (1889-1975)
245 10 - TÍTULO
Título del Material Estudio de la historia / Arnold J. Toynbee ; Compendio de D. C. Somervell ; Luis Grasset, Traductor
250 ## - MENCIÓN DE EDICIÓN
Mención de edición 2
260 ## - PUBLICACIÓN, DISTRIBUCIÓN, ETC. (PIE DE IMPRENTA)
Lugar de publicación, distribución, etc. Madrid, España : Alianza
500 ## - NOTA GENERAL
Nota General Título original : A study of history, Abridgement
942 ## - TIPO DE MATERIAL (KOHA)
Tipo de Item KOHA Libros General
Existencias
Estado de Material Estado de Perdido Forma de Clasificación Volumen-Parte/Tomo Estado de Dañado No para Préstamo Colección Biblioteca de Origen Biblioteca Permanente Fecha de Adquisición Total de Préstamos Signatura Topográfica Código de Barras Última vez visto Ejemplar/Existencia Fecha de Remplazo Tipo de Material
    Dewey Decimal Classification t. 1     Colección General Biblioteca FUSBC Biblioteca FUSBC 27/01/2005   G 901 T7564f 10572 12/12/2019 Ej. 1 26/01/2016 Libros General
    Dewey Decimal Classification t. 3     Colección General Biblioteca FUSBC Biblioteca FUSBC 27/01/2005   G 901 T7564f 10574 12/12/2019 Ej. 1 26/01/2016 Libros General
    Dewey Decimal Classification t. 2     Colección General Biblioteca FUSBC Biblioteca FUSBC 27/01/2005   G 901 T7564f 10573 12/12/2019 Ej. 1 26/01/2016 Libros General

Biblioteca FUSBC | Teléfono: (57+4) 349 88 10 Ext. 141| WhatsApp (+57) 3005338115 
E-mail: biblioteca@unisbc.edu.co | Calle 76 87-14 Robledo Palenque, Medellín, Colombia

Con tecnología Koha